| 000 | 00755nam a22002535i 4500 | ||
|---|---|---|---|
| 001 | 12797 | ||
| 003 | ES-MaACL | ||
| 005 | 20250911062823.0 | ||
| 007 | t| | ||
| 008 | 920605s1992 sp ||||0| spa j | ||
| 020 | _a84-7522-278-1 | ||
| 040 |
_aM-BN _bspa _cM-BN |
||
| 080 | _a860(83)-14"19" | ||
| 100 | 0 |
_aRokha, Pablo de _d1894-1968 _999119 |
|
| 245 | 1 | 0 |
_aAntología / _cPablo de Rokha ; edición de Rita Gnutzmann. |
| 260 |
_aMadrid : _bVisor Libros, _c1992. |
||
| 300 |
_a315 p. ; _c20 cm. |
||
| 490 | 1 |
_aColección Visor de poesía ; _v278 |
|
| 504 | _aBibliografía: p. 17. | ||
| 700 | 1 |
_aGnutzmann, Rita. _957479 |
|
| 830 | 0 |
_aColección Visor de poesía _v278 _9177331 |
|
| 852 |
_aES-MaACL _jL-19942 _bR.121731 |
||
| 999 |
_c12797 _d12797 |
||